000 00609nam a2200253Ia 4500
005 20250425162157.0
008 250425s9999 xx 000 0 und d
020 _a8480888563
041 _aspa
043 _asp
082 _a658.15937
100 _aBIOSCA, DOMENEC
245 0 _a200 IDEAS PARA ATRAER CLIENTES A UN HOTEL
250 _a1A ED.
260 _aBARCELONA
260 _aEspaƱa
_bGESTION 2000
_c2003
300 _a160
650 _aCLIENTES
650 _aGESTION TURISTICA
650 _aHOTELES-ADMINISTRACION
650 _aMARKETING TURISTICO
942 _c01
010 _a54453
999 _c223906
_d223906